000 00759pam a2200229 a 4500
001 vtls003030106
003 MY-SjTCS
005 20200306163701.0
008 110218t2005 xnaad f 001 0 eng
020 _a0733969143 (pbk.)
039 9 _a201102181440
_bVLOAD
_c200609201257
_dchon ling
_y200608241552
_zismail
082 0 _a339
_bSLO
100 1 _aSloman, John,
_d1947-
_92105
245 1 0 _aPrinciples of macroeconomics /
_cJohn Sloman, Keith Norris.
260 _aFrenchs Forest, N.S.W. :
_bPearson Education,
_cc2005 [i.e. 2004]
300 _axv, 442 p. :
_bcol. ill. ;
_c26 cm.
500 _aIncludes index.
521 _aFor tertiary students.
650 0 _aMacroeconomics.
_9237866
700 1 _aNorris, Keith,
_d1940-
_922476
920 _aGRL : 181873
999 _c44441